Stolice Państw NATO - Statystyki

Ogólne statystyki
  • Ten quiz został rozwiązany 592 razy
  • Średni wynik to 24 z 30
Statystyki odpowiedzi
PAŃSTWO STOLICA % Poprawnych
Francja Paryż
97%
Polska Warszawa
97%
Niemcy Berlin
96%
Włochy Rzym
94%
Wielka Brytania Londyn
92%
Hiszpania Madryt
92%
Grecja Ateny
91%
Czechy Praga
91%
Belgia Bruksela
89%
Dania Kopenhaga
89%
Luksemburg Luksemburg
89%
Holandia Amsterdam
87%
Norwegia Oslo
87%
Stany Zjednoczone (Założyciel NATO) Waszyngton
87%
Portugalia Lizbona
86%
Węgry Budapeszt
85%
Litwa Wilno
83%
Kanada Ottawa
80%
Rumunia Bukareszt
78%
Bułgaria Sofia
78%
Słowacja Bratysława
77%
Łotwa Ryga
77%
Chorwacja Zagrzeb
76%
Estonia Tallin
75%
Islandia Reykjavík
74%
Turcja Ankara
72%
Albania Tirana
59%
Słowenia Lublana
58%
Macedonia Północna Skopje
57%
Czarnogóra Podgorica
54%
Nie znaleziono quizów pasujących do podanych kryteriów
Rozkład punktacji
Procent ludzi z każdym wynikiem
Percentyl według liczby udzielonych odpowiedzi
Twoja historia wyników
Nie rozwiązałeś tego quizu